Monarchs of the United Kingdom - sudden death! - Statistics

General Stats
  • This quiz has been taken 49 times
  • The average score is 8 of 15
Answers on the Grid
Answers color-coded by a green-red scale on the quiz's grid according to % correct below.
King Henry I
King Richard I
Queen Elizabeth V
King Edward I
King Henry V
Queen Margaret
King Edward IV
King Richard III
King Khalud
King Henry II
King George VII
King Henry VII
Queen Anne
Queen Elizabeth I
Queen Martha
King Charles I
King George I
King Hussein
King Felix
King Henry VI
King Richard X
Queen Victoria
King Philip
Queen Diana
King Akishino
Queen Aiko
Queen Madeleine
King Harry
Queen Mary I
King Carl
 
Answer Stats
Answer % Correct
King Richard I
89%
King Edward I
82%
King Henry I
82%
King Henry V
82%
King Richard III
79%
King Henry II
71%
King Edward IV
64%
Queen Elizabeth I
64%
King Henry VII
61%
King Charles I
39%
Queen Victoria
32%
King George I
29%
King Henry VI
29%
Queen Mary I
18%
King Richard X
0%
No matching quizzes found
Score Distribution
Percent of People with Each Score
Percentile by Number Answered
Your Score History
You have not taken this quiz